000
00326nam a22001337a 4500
005
20250320191352.0
008
250320b |||||||| |||| 00| 0 eng d
020
_a
9780273688013
050
_a
G 155 BUS
_b
1
100
_a
BEECH, John
245
_a
The business of tourism management
300
_a
xxi,577p
942
_2
lcc
_c
BK
_n
0
999
_c
5027
_d
5027